Normal view
MARC view
- Smirnov, World Sciientific
Entry Personal Name
001 - CONTROL NUMBER
- control field: 731
003 - CONTROL NUMBER IDENTIFIER
- control field: OSt
005 - DATE AND TIME OF LATEST TRANSACTION
- control field: 20160701160545.0
008 - FIXED-LENGTH DATA ELEMENTS
- fixed length control field: 160701|| aca||aabn | a|a d
040 ## - CATALOGING SOURCE
- Original cataloging agency: OSt
- Transcribing agency: OSt
100 ## - HEADING--PERSONAL NAME
- Personal name: Smirnov, World Sciientific
670 ## - SOURCE DATA FOUND
- Source citation: Work cat.: (OSt): Vysotskii,Vladimir I, 729, Applied Biophysics of Activated Water:The Physical Properties, Biological Effects and Medical Applications of MRET Activated Water, 2009
